[Event "DEM U14 2011"]
[Site "Oberhof GER"]
[Date "2011.06.17"]
[Round "8"]
[White "Lampert, Jonas"]
[Black "Yankelevich, Lev"]
[Result "1-0"]
[Termination "normal"]
[Board "2"]
[WhiteElo "2165"]
[BlackElo "2032"]
[PlyCount "139"]
[WhiteFideId "1303759"]
[BlackFideId "24684074"]
[EventCountry "GER"]
[EventRounds "9"]
[EventType "swiss"]
[EventDate "2011.06.11"]

1. e4 Nf6 2. e5 Nd5 3. d4 d6 4. Nf3 Bg4 5. Be2 e6 6. c4 Nb6 7. O-O Be7 8. h3
Bh5 9. Nc3 O-O 10. Be3 d5 11. c5 Bxf3 12. Bxf3 Nc4 13. Bf4 b6 14. b3 Na5 15. b4
Nc4 16. Rc1 a6 17. Nxd5 exd5 18. Rxc4 dxc4 19. Bxa8 c6 20. d5 cxd5 21. Bxd5
bxc5 22. bxc5 Bxc5 23. Bxc4 Qe7 24. Qe2 Nc6 25. Bxa6 Qe6 26. Qc4 Nb8 27. Bb5
Qb6 28. Bg3 Rc8 29. Qe2 Qg6 30. Qg4 Qe6 31. Qxe6 fxe6 32. Kh2 Kf7 33. Rc1 Rc7
34. a4 Bb6 35. Rxc7+ Bxc7 36. f4 h5 37. h4 Ke7 38. Bf2 Nd7 39. Bxd7 Kxd7 40.
Be1 Kc6 41. Kg3 Kd5 42. a5 g6 43. a6 Kc6 44. Bf2 Ba5 45. Kf3 Bc3 46. g4 Bb2 47.
gxh5 gxh5 48. Ke4 Ba3 49. a7 Kb7 50. f5 exf5+ 51. Kxf5 Be7 52. Kg6 Ka8 53. Kf7
Bb4 54. e6 Kb7 55. e7 Bxe7 56. Kxe7 Ka8 57. Kf6 Kb7 58. Kg6 Ka8 59. Kxh5 Kb7
60. Kg6 Ka8 61. h5 Kb7 62. h6 Kc7 63. a8=Q Kd6 64. Qe4 Kd7 65. h7 Kd6 66. h8=Q
Kd7 67. Qg7+ Kd6 68. Qf6+ Kc7 69. Qee7+ Kc8 70. Qff8# 1-0

[Event "DEM U14 2011"]
[Site "Oberhof GER"]
[Date "2011.06.17"]
[Round "8"]
[White "Siegert, Gregor"]
[Black "Tennert, Simon"]
[Result "1/2-1/2"]
[Termination "normal"]
[Board "3"]
[WhiteElo "1618"]
[BlackElo "2061"]
[PlyCount "131"]
[WhiteFideId "1271250"]
[BlackFideId "1270445"]
[EventCountry "GER"]
[EventRounds "9"]
[EventType "swiss"]
[EventDate "2011.06.11"]

1. e4 c5 2. Nf3 d6 3. d4 cxd4 4. Nxd4 Nf6 5. Nc3 Bd7 6. Be3 Ng4 7. Bc4 Nxe3 8.
fxe3 e6 9. O-O Be7 10. Qf3 O-O 11. Rad1 a6 12. Qh3 g6 13. e5 d5 14. Be2 Qc7 15.
Nf3 Nc6 16. Kh1 Nxe5 17. Nxe5 Qxe5 18. Nxd5 exd5 19. Qxd7 Bd6 20. g3 Qxe3 21.
Bf3 Rad8 22. Qxb7 Qh6 23. Kg2 Rfe8 24. Qxa6 Re6 25. Qd3 Rde8 26. Rd2 Re1 27.
Rxe1 Rxe1 28. Bxd5 Bc5 29. Rd1 Re3 30. Qf1 Re7 31. Qf3 Qg5 32. Kh1 Qe5 33. c3
Kg7 34. b4 Ba7 35. Rf1 f5 36. c4 Qb2 37. Qb3 Qe2 38. Qd1 Qb2 39. Qa1 Re2 40.
Qxb2+ Rxb2 41. b5 Bc5 42. a4 Ra2 43. Rb1 Rxa4 44. b6 Rb4 45. Rxb4 Bxb4 46. b7
Bd6 47. Kg2 Kf6 48. Kf3 Ke5 49. Ke3 Bc5+ 50. Kd3 Ba7 51. Kc3 g5 52. Kb4 Kd6 53.
Kb5 Kc7 54. Bg2 Bg1 55. h3 Bf2 56. g4 fxg4 57. hxg4 Be3 58. c5 Bf2 59. Kc4 Be3
60. c6 h6 61. Kd5 Bb6 62. Ke6 Ba7 63. Kf7 Bc5 64. Kg7 Be3 65. Kxh6 Bf4 66. Kg6
1/2-1/2

[Event "DEM U14 2011"]
[Site "Oberhof GER"]
[Date "2011.06.17"]
[Round "8"]
[White "Koop, Thorben"]
[Black "Kvetny, Mark"]
[Result "1/2-1/2"]
[Termination "normal"]
[Board "4"]
[WhiteElo "2033"]
[BlackElo "2071"]
[PlyCount "89"]
[WhiteFideId "24661619"]
[BlackFideId "24603929"]
[EventCountry "GER"]
[EventRounds "9"]
[EventType "swiss"]
[EventDate "2011.06.11"]

1. Nf3 c5 2. g3 g6 3. Bg2 Bg7 4. d4 cxd4 5. Nxd4 Nc6 6. Nxc6 bxc6 7. O-O Qb6 8.
c3 d5 9. Nd2 Nf6 10. Nb3 O-O 11. Be3 Qc7 12. Rc1 Rd8 13. h3 Rb8 14. Qd4 Ba6 15.
Bf4 Qb7 16. Bxb8 Qxb8 17. Qd2 Qb6 18. Rfd1 Bc4 19. Qc2 Rb8 20. Nd2 Bxe2 21. Re1
Ba6 22. Rxe7 Bf8 23. Ree1 Bd6 24. c4 Qxb2 25. cxd5 cxd5 26. Qxb2 Rxb2 27. Rc6
Rb6 28. Rec1 Bb7 29. Rxb6 axb6 30. Nc4 Bc5 31. Na5 Ba6 32. Nb3 Bc4 33. Nxc5
bxc5 34. Bf1 Bxa2 35. Rxc5 Kf8 36. g4 h5 37. Ra5 Bb3 38. g5 Ne4 39. Rb5 Ba2 40.
Rb2 Bc4 41. Bxc4 dxc4 42. f4 f6 43. gxf6 Kf7 44. Rb6 Nc3 45. Rc6 1/2-1/2

[Event "DEM U14 2011"]
[Site "Oberhof GER"]
[Date "2011.06.17"]
[Round "8"]
[White "Grigorian, Spartak"]
[Black "Töws, Manuel"]
[Result "0-1"]
[Termination "normal"]
[Board "5"]
[WhiteElo "1971"]
[BlackElo "1938"]
[PlyCount "92"]
[WhiteFideId "24661490"]
[BlackFideId "24654485"]
[EventCountry "GER"]
[EventRounds "9"]
[EventType "swiss"]
[EventDate "2011.06.11"]

1. d4 Nf6 2. c4 e6 3. Nc3 d5 4. Bg5 c6 5. Nf3 h6 6. Bh4 dxc4 7. e4 g5 8. Bg3 b5
9. h4 g4 10. Ne5 h5 11. Be2 b4 12. Na4 Nxe4 13. Bxc4 Nxg3 14. fxg3 Bg7 15. O-O
Bxe5 16. dxe5 Qxd1 17. Raxd1 Nd7 18. Rfe1 Ke7 19. b3 Bb7 20. Nb2 a5 21. Na4
Rhd8 22. Rd6 Rdc8 23. Red1 Rc7 24. Kf2 Nxe5 25. Nc5 Bc8 26. Rd8 a4 27. Rh8 Ra5
28. Ne4 Nxc4 29. bxc4 Bd7 30. c5 b3 31. Nd6 Rxc5 32. Rh7 Rd5 33. Rxd5 cxd5 34.
Nxf7 bxa2 35. Nh6+ Kd6 36. Nf5+ exf5 37. Rh6+ Ke5 38. Kg1 a1=Q+ 39. Kh2 Qc3 40.
Rb6 f4 41. gxf4+ Kxf4 42. Rb1 Qg3+ 43. Kg1 Rc2 44. Rf1+ Ke5 45. Re1+ Qxe1+ 46.
Kh2 g3# 0-1

[Event "DEM U14 2011"]
[Site "Oberhof GER"]
[Date "2011.06.17"]
[Round "8"]
[White "Peil, Christoph"]
[Black "Müller, Constantin"]
[Result "1-0"]
[Termination "normal"]
[Board "6"]
[WhiteElo "1902"]
[BlackElo "1839"]
[PlyCount "45"]
[WhiteFideId "24651800"]
[BlackFideId "24697630"]
[EventCountry "GER"]
[EventRounds "9"]
[EventType "swiss"]
[EventDate "2011.06.11"]

1. e4 e6 2. d4 d5 3. Nc3 Bb4 4. exd5 exd5 5. Bd3 Ne7 6. Qh5 Qd7 7. Bf4 c5 8.
dxc5 d4 9. a3 dxc3 10. axb4 cxb2 11. Rb1 Nbc6 12. Bd2 Qe6+ 13. Ne2 a5 14. bxa5
Nf5 15. O-O g6 16. Qg5 O-O 17. Ng3 Nxg3 18. fxg3 f6 19. Qf4 Kg7 20. Qh6+ Kg8
21. Bxg6 hxg6 22. Qxg6+ Kh8 23. Rf4 1-0

[Event "DEM U14 2011"]
[Site "Oberhof GER"]
[Date "2011.06.17"]
[Round "8"]
[White "Krause, Benedict"]
[Black "Bonk, Andras"]
[Result "0-1"]
[Termination "normal"]
[Board "7"]
[WhiteElo "1824"]
[BlackElo "1930"]
[PlyCount "46"]
[WhiteFideId "12917990"]
[BlackFideId "24692123"]
[EventCountry "GER"]
[EventRounds "9"]
[EventType "swiss"]
[EventDate "2011.06.11"]

1. e4 c5 2. Nc3 d6 3. g3 g6 4. Bg2 Nc6 5. d3 e5 6. Nge2 Bg7 7. O-O Nge7 8. Be3
O-O 9. Qd2 Nd4 10. h3 f5 11. f4 Be6 12. Nd5 fxe4 13. dxe4 Bxd5 14. exd5 Nef5
15. Nxd4 cxd4 16. Bf2 exf4 17. gxf4 Qb6 18. c4 Ne3 19. Rfc1 Rxf4 20. b4 Rc8 21.
Rab1 Qd8 22. Bg3 Rf5 23. Be4 Qg5 0-1

[Event "DEM U14 2011"]
[Site "Oberhof GER"]
[Date "2011.06.17"]
[Round "8"]
[White "Kreyssig, Robert"]
[Black "Zimmermann, Christian"]
[Result "0-1"]
[Termination "normal"]
[Board "8"]
[WhiteElo "1859"]
[BlackElo "1848"]
[PlyCount "158"]
[WhiteFideId "4662881"]
[BlackFideId "24692069"]
[EventCountry "GER"]
[EventRounds "9"]
[EventType "swiss"]
[EventDate "2011.06.11"]

1. d4 Nf6 2. c4 c5 3. d5 b5 4. cxb5 a6 5. bxa6 Bxa6 6. b3 g6 7. Bb2 Bg7 8. g3
O-O 9. Bg2 d6 10. Nh3 Nbd7 11. O-O Qb6 12. Bc3 Qb5 13. Re1 Nb6 14. Nf4 c4 15.
a4 Qxb3 16. Qxb3 cxb3 17. Nd2 Rac8 18. Bd4 b2 19. Bxb2 Rc2 20. Bd4 Nfxd5 21.
Bxg7 Kxg7 22. Nxd5 Nxd5 23. Bxd5 Rxd2 24. Rad1 Rb2 25. Rb1 Rfb8 26. Rxb2 Rxb2
27. e3 e6 28. Bc6 Rc2 29. Bd7 Rc7 30. Bb5 Bxb5 31. axb5 Rb7 32. Rd1 d5 33. Rb1
Kf6 34. Kg2 Ke5 35. Kf3 Kd6 36. h4 Kc5 37. Ke2 Rxb5 38. Rc1+ Kd6 39. f4 Rb3 40.
g4 d4 41. exd4 Rg3 42. g5 Rh3 43. Ra1 Rxh4 44. Kf3 h6 45. gxh6 Rxh6 46. Ra7 f5
47. Rg7 Rh3+ 48. Kf2 Rd3 49. Rxg6 Rxd4 50. Ke3 Ra4 51. Rh6 Kd5 52. Rh1 Ra3+ 53.
Kf2 Ke4 54. Re1+ Kxf4 55. Rxe6 Ra2+ 56. Kg1 Kf3 57. Rb6 Ra1+ 58. Kh2 Re1 59.
Rb3+ Kf2 60. Rb2+ Re2 61. Rb4 Kf3+ 62. Kg1 Re1+ 63. Kh2 f4 64. Ra4 Re4 65. Ra3+
Kf2 66. Ra2+ Re2 67. Ra3 f3 68. Rb3 Kf1+ 69. Kg3 f2 70. Rb1+ Re1 71. Rb2 Re3+
72. Kh2 Re8 73. Ra2 Rf8 74. Rb2 Ke1 75. Rb1+ Ke2 76. Rb2+ Kd3 77. Rb3+ Kc2 78.
Ra3 f1=Q 79. Rf3 Qxf3 0-1

[Event "DEM U14 2011"]
[Site "Oberhof GER"]
[Date "2011.06.17"]
[Round "8"]
[White "Keller, Peter"]
[Black "Richter, Leonard"]
[Result "1-0"]
[Termination "normal"]
[Board "9"]
[WhiteElo "1874"]
[BlackElo "1856"]
[PlyCount "45"]
[WhiteFideId "1272105"]
[BlackFideId "12900290"]
[EventCountry "GER"]
[EventRounds "9"]
[EventType "swiss"]
[EventDate "2011.06.11"]

1. e4 c6 2. d4 d5 3. exd5 cxd5 4. c4 Nc6 5. Nf3 Bg4 6. cxd5 Qxd5 7. Nc3 Bxf3 8.
Nxd5 Bxd1 9. Nc7+ Kd8 10. Nxa8 Bg4 11. Bf4 Nxd4 12. f3 Nc2+ 13. Kd2 Nxa1 14.
fxg4 Nf6 15. Be2 e5 16. Bxe5 Bb4+ 17. Kc1 Re8 18. Rd1+ Kc8 19. Bc7 g5 20. Bd3
Re7 21. Bf5+ Nd7 22. Kb1 b6 23. Kxa1 1-0

[Event "DEM U14 2011"]
[Site "Oberhof GER"]
[Date "2011.06.17"]
[Round "8"]
[White "Meyers, Mark"]
[Black "Ott, Florian"]
[Result "1/2-1/2"]
[Termination "normal"]
[Board "10"]
[WhiteElo "1820"]
[BlackElo "1863"]
[PlyCount "85"]
[WhiteFideId "12927716"]
[BlackFideId "12900281"]
[EventCountry "GER"]
[EventRounds "9"]
[EventType "swiss"]
[EventDate "2011.06.11"]

1. d4 d6 2. c4 g6 3. g3 Bg7 4. Bg2 Nd7 5. Nf3 e5 6. e4 Ne7 7. O-O O-O 8. Nc3
Nc6 9. d5 Ne7 10. Rb1 h6 11. b4 f5 12. a4 Nf6 13. Nd2 g5 14. Ba3 f4 15. c5 Ng6
16. Nc4 Rf7 17. b5 Bf8 18. cxd6 cxd6 19. a5 g4 20. Re1 h5 21. Bc1 f3 22. Bf1 h4
23. Bg5 hxg3 24. hxg3 Rh7 25. a6 b6 26. Qd2 Rh5 27. Qe3 Qe7 28. Bg2 fxg2 29.
Kxg2 Bg7 30. Rh1 Rxh1 31. Rxh1 Rb8 32. Bh6 Ne8 33. Bxg7 Qxg7 34. Ra1 Qc7 35.
Qg5 Qxc4 36. Qxg6+ Ng7 37. Qxd6 Qxc3 38. Qxb8 Qxa1 39. Qxc8+ Kh7 40. Qxg4 Qd4
41. f3 Qd2+ 42. Kh3 Qd3 43. Qh4+ 1/2-1/2

[Event "DEM U14 2011"]
[Site "Oberhof GER"]
[Date "2011.06.17"]
[Round "8"]
[White "Berkov, Mikhail"]
[Black "Xiong, Ferdinand"]
[Result "0-1"]
[Termination "normal"]
[Board "11"]
[WhiteElo "1782"]
[BlackElo "1926"]
[PlyCount "70"]
[WhiteFideId "24678783"]
[BlackFideId "24654132"]
[EventCountry "GER"]
[EventRounds "9"]
[EventType "swiss"]
[EventDate "2011.06.11"]

1. d4 Nf6 2. Nf3 g6 3. Bg5 Bg7 4. e3 c5 5. Nbd2 O-O 6. c3 b6 7. Be2 Bb7 8. O-O
d6 9. Rc1 Nbd7 10. h3 Rc8 11. Nh2 Re8 12. Bf3 Qc7 13. Bxb7 Qxb7 14. Qf3 Qd5 15.
Qxd5 Nxd5 16. a3 h6 17. Bh4 c4 18. e4 Nf4 19. Rcd1 b5 20. Nhf3 Nb6 21. Ne1 Na4
22. Rb1 a5 23. f3 b4 24. axb4 axb4 25. g3 Ne6 26. d5 bxc3 27. bxc3 Nec5 28. g4
Nxc3 29. Rb4 g5 30. Bf2 Ne2+ 31. Kh1 Bc3 32. Rxc4 Bxd2 33. Rc2 Bxe1 34. Rxe1
Nf4 35. e5 Ncd3 0-1

[Event "DEM U14 2011"]
[Site "Oberhof GER"]
[Date "2011.06.17"]
[Round "8"]
[White "Kramer, Julian"]
[Black "Myagkov, Kirill"]
[Result "1-0"]
[Termination "normal"]
[Board "12"]
[WhiteElo "1946"]
[BlackElo "1833"]
[PlyCount "95"]
[WhiteFideId "12921742"]
[BlackFideId "24657042"]
[EventCountry "GER"]
[EventRounds "9"]
[EventType "swiss"]
[EventDate "2011.06.11"]

1. e4 b6 2. d4 Bb7 3. Bd3 e6 4. Nf3 Nf6 5. Qe2 Be7 6. O-O O-O 7. e5 Ne8 8. Nbd2
d5 9. c3 c5 10. Re1 Nc6 11. a3 Rc8 12. b4 cxd4 13. cxd4 a5 14. b5 Na7 15. Bb2
a4 16. Qd1 Nc7 17. Qxa4 Ra8 18. Qb3 Qd7 19. a4 Nc8 20. Nf1 f6 21. Rac1 f5 22.
h3 g5 23. Kh1 g4 24. Ng1 Bg5 25. Rc3 Ne7 26. Qc2 Ne8 27. Bc1 Bxc1 28. Rxc1 Rf7
29. Ng3 Ng6 30. Nh5 gxh3 31. Nxh3 Qe7 32. g3 Qb4 33. Ng5 Qxd4 34. Nxf7 Qxc3 35.
Nh6+ Kf8 36. Qxc3 d4+ 37. Qc6 Bxc6+ 38. bxc6 Nxe5 39. Bb5 Nc7 40. Rd1 Rd8 41.
f4 Ng6 42. g4 Ne7 43. gxf5 exf5 44. Ng3 Nxb5 45. axb5 Rd5 46. Ngxf5 Nxf5 47.
Nxf5 Rxf5 48. Rc1 1-0

[Event "DEM U14 2011"]
[Site "Oberhof GER"]
[Date "2011.06.17"]
[Round "8"]
[White "Glatzel, Jonas"]
[Black "Klesen, Jonas"]
[Result "1/2-1/2"]
[Termination "normal"]
[Board "13"]
[WhiteElo "1863"]
[BlackElo "1233"]
[PlyCount "41"]
[WhiteFideId "12937800"]
[EventCountry "GER"]
[EventRounds "9"]
[EventType "swiss"]
[EventDate "2011.06.11"]

1. e4 e5 2. Nf3 Nc6 3. d4 exd4 4. Nxd4 Qh4 5. Nc3 Bb4 6. Be2 Qxe4 7. Ndb5 Bxc3+
8. bxc3 Kd8 9. O-O a6 10. Nd4 Nxd4 11. cxd4 Nf6 12. Re1 Re8 13. c4 d6 14. Bg5
Qf5 15. Qd2 h6 16. Bh4 g5 17. Bd3 Qg4 18. Rxe8+ Kxe8 19. Qe3+ Qe6 20. Qd2 Qg4
21. Qe3+ 1/2-1/2

[Event "DEM U14 2011"]
[Site "Oberhof GER"]
[Date "2011.06.17"]
[Round "8"]
[White "Ewert, Paul"]
[Black "Wachinger, David"]
[Result "1/2-1/2"]
[Termination "normal"]
[Board "14"]
[WhiteElo "1661"]
[BlackElo "1690"]
[PlyCount "82"]
[BlackFideId "24692689"]
[EventCountry "GER"]
[EventRounds "9"]
[EventType "swiss"]
[EventDate "2011.06.11"]

1. e4 c6 2. d4 d5 3. Nc3 dxe4 4. Nxe4 Nf6 5. Ng3 Qc7 6. Bc4 Nbd7 7. N1e2 e5 8.
O-O Bd6 9. Nf5 O-O 10. dxe5 Bxe5 11. f4 Nb6 12. fxe5 Qxe5 13. Bd3 Ng4 14. Neg3
Bxf5 15. Rxf5 Qd4+ 16. Kh1 Nf2+ 17. Rxf2 Qxf2 18. Bg5 Qc5 19. Qh5 g6 20. Qh6 f5
21. Re1 Rae8 22. Rxe8 Rxe8 23. Bf6 Qf8 24. Qxf8+ Kxf8 25. Kg1 Nd5 26. Bd4 b6
27. a3 c5 28. Bf2 Nf6 29. Kf1 Ng4 30. Bg1 Ne3+ 31. Bxe3 Rxe3 32. Kf2 Re5 33.
Ne2 Kg7 34. Nc3 Kf6 35. Nb5 Re7 36. Nc3 Kg7 37. Nd5 Rd7 38. c4 Kf7 39. Ke3 Ke6
40. Kf4 h6 41. h4 Rg7 1/2-1/2

[Event "DEM U14 2011"]
[Site "Oberhof GER"]
[Date "2011.06.18"]
[Round "9"]
[White "Lampert, Jonas"]
[Black "Schröder, Jan-Christian"]
[Result "1-0"]
[Termination "normal"]
[Board "1"]
[WhiteElo "2165"]
[BlackElo "2151"]
[PlyCount "77"]
[WhiteFideId "1303759"]
[BlackFideId "24662259"]
[EventCountry "GER"]
[EventRounds "9"]
[EventType "swiss"]
[EventDate "2011.06.11"]

1. e4 e5 2. Nf3 Nc6 3. Bb5 a6 4. Ba4 Nf6 5. O-O Be7 6. Re1 b5 7. Bb3 d6 8. c3
O-O 9. h3 Na5 10. Bc2 c5 11. d4 Qc7 12. Nbd2 Rd8 13. b3 cxd4 14. cxd4 Nc6 15.
Bb2 Qb6 16. d5 Nb4 17. Bb1 a5 18. a3 Na6 19. b4 axb4 20. axb4 Bd7 21. Qb3 Nh5
22. Bd3 Nf4 23. Bf1 Rdc8 24. Rec1 Kh8 25. Rxc8+ Rxc8 26. Qe3 Qb7 27. Bxe5 dxe5
28. Nxe5 Nxd5 29. exd5 Be8 30. Nc6 Bxb4 31. Rxa6 Bxd2 32. Qc5 Bxc6 33. Rxc6 Re8
34. Rc7 Qb8 35. d6 Rd8 36. d7 Bb4 37. Qc6 Ba5 38. Rc8 Qe5 39. Qa8 1-0

[Event "DEM U14 2011"]
[Site "Oberhof GER"]
[Date "2011.06.18"]
[Round "9"]
[White "Lerch, Philipp"]
[Black "Siegert, Gregor"]
[Result "1-0"]
[Termination "normal"]
[Board "2"]
[WhiteElo "2021"]
[BlackElo "1618"]
[PlyCount "77"]
[WhiteFideId "4654129"]
[BlackFideId "1271250"]
[EventCountry "GER"]
[EventRounds "9"]
[EventType "swiss"]
[EventDate "2011.06.11"]

1. e4 c5 2. Nf3 e6 3. d3 Nc6 4. g3 d5 5. Qe2 Be7 6. Bg2 a6 7. O-O d4 8. e5 b5
9. a4 Bb7 10. h4 h6 11. h5 Qd7 12. Re1 Bd8 13. Nbd2 Ba5 14. Rf1 f5 15. exf6
Nxf6 16. axb5 axb5 17. Nb3 Bb4 18. Rxa8+ Bxa8 19. c3 dxc3 20. bxc3 Bxc3 21.
Nxc5 Qe7 22. Qxe6 Qxe6 23. Nxe6 Kf7 24. Nf4 Ne5 25. Nxe5+ Bxe5 26. Ng6 Bxg2 27.
Nxh8+ Kg8 28. Kxg2 Kxh8 29. Ba3 Nd5 30. Rb1 Nc7 31. Kf3 Bd4 32. Bd6 Ne6 33.
Rxb5 Bf6 34. Rb8+ Kh7 35. Re8 Nd4+ 36. Ke4 Nb5 37. Be5 Bg5 38. f4 Bf6 39. Rb8
1-0

[Event "DEM U14 2011"]
[Site "Oberhof GER"]
[Date "2011.06.18"]
[Round "9"]
[White "Tennert, Simon"]
[Black "Peil, Christoph"]
[Result "0-1"]
[Termination "normal"]
[Board "3"]
[WhiteElo "2061"]
[BlackElo "1902"]
[PlyCount "94"]
[WhiteFideId "1270445"]
[BlackFideId "24651800"]
[EventCountry "GER"]
[EventRounds "9"]
[EventType "swiss"]
[EventDate "2011.06.11"]

1. e4 c5 2. Nf3 Nc6 3. d4 cxd4 4. Nxd4 e5 5. Nb5 d6 6. N1c3 a6 7. Na3 Be7 8.
Be3 Nf6 9. Nc4 Be6 10. Nb6 Rb8 11. Nbd5 b5 12. Be2 O-O 13. O-O Na5 14. Nxe7+
Qxe7 15. Bg5 Nc4 16. Bxc4 Bxc4 17. Re1 h6 18. Bxf6 Qxf6 19. b3 b4 20. Na4 Bb5
21. Nb2 Rfc8 22. a4 bxa3 23. Rxa3 Rc3 24. Qd2 Rbc8 25. Nc4 R8xc4 26. bxc4 Rxa3
27. cxb5 axb5 28. Qb4 Ra2 29. Qb3 Qe6 30. Qxb5 Rxc2 31. h3 Qa2 32. Rf1 Rd2 33.
Qd7 g6 34. h4 h5 35. Qd8+ Kg7 36. Qg5 Qc2 37. f3 Qc5+ 38. Kh2 Rf2 39. Rd1 Qa3
40. Qg3 Re2 41. Kh1 Rxe4 42. Rb1 Rb4 43. Rd1 Rd4 44. Rf1 Qb4 45. f4 Rxf4 46.
Rxf4 Qxf4 47. Qe1 d5 0-1

[Event "DEM U14 2011"]
[Site "Oberhof GER"]
[Date "2011.06.18"]
[Round "9"]
[White "Töws, Manuel"]
[Black "Koop, Thorben"]
[Result "1-0"]
[Termination "normal"]
[Board "4"]
[WhiteElo "1938"]
[BlackElo "2033"]
[PlyCount "73"]
[WhiteFideId "24654485"]
[BlackFideId "24661619"]
[EventCountry "GER"]
[EventRounds "9"]
[EventType "swiss"]
[EventDate "2011.06.11"]

1. e4 c5 2. Nf3 Nc6 3. d4 cxd4 4. Nxd4 e5 5. Nb5 d6 6. N1c3 a6 7. Na3 Be6 8.
Nc4 Rb8 9. a4 Nf6 10. Bg5 Nd4 11. Nd5 Bxd5 12. exd5 h6 13. Bxf6 Qxf6 14. c3 Nf5
15. Bd3 Nh4 16. O-O Be7 17. f4 exf4 18. g3 Ng6 19. Qe2 O-O 20. Bxg6 fxg6 21.
Rxf4 Qg5 22. Qe6+ Kh7 23. Raf1 Rxf4 24. Rxf4 Rf8 25. Rxf8 Bxf8 26. Nxd6 Bxd6
27. Qxd6 Qe3+ 28. Kf1 Qc1+ 29. Kg2 Qc2+ 30. Kf3 Qd3+ 31. Kf4 g5+ 32. Ke5 Qe3+
33. Kf5 Qe2 34. Qg6+ Kh8 35. Qe6 Qf2+ 36. Kg6 Qf8 37. d6 1-0

[Event "DEM U14 2011"]
[Site "Oberhof GER"]
[Date "2011.06.18"]
[Round "9"]
[White "Yankelevich, Lev"]
[Black "Kvetny, Mark"]
[Result "1-0"]
[Termination "normal"]
[Board "5"]
[WhiteElo "2032"]
[BlackElo "2071"]
[PlyCount "69"]
[WhiteFideId "24684074"]
[BlackFideId "24603929"]
[EventCountry "GER"]
[EventRounds "9"]
[EventType "swiss"]
[EventDate "2011.06.11"]

1. e4 c5 2. Nf3 e6 3. d4 cxd4 4. Nxd4 a6 5. Nc3 b5 6. g3 Bb7 7. Bg2 Nf6 8. a3
d6 9. O-O Qc7 10. Re1 Nbd7 11. Nb3 Be7 12. Bd2 Ne5 13. Nb1 h5 14. a4 Nc4 15.
Bc3 Rd8 16. N1d2 d5 17. e5 Ng4 18. Nf3 d4 19. Bd2 Bxf3 20. Qxf3 Ncxe5 21. Qb7
Qxc2 22. h3 Qxb3 23. hxg4 Nxg4 24. Ba5 O-O 25. Qxe7 Rc8 26. Qb4 Qc2 27. Qxd4
Rc4 28. Be4 Qb3 29. Qd2 bxa4 30. Bc3 Qb6 31. Bd3 Rd8 32. Re2 h4 33. Ba5 Qc6 34.
Bxd8 Rd4 35. Bh7+ 1-0

[Event "DEM U14 2011"]
[Site "Oberhof GER"]
[Date "2011.06.18"]
[Round "9"]
[White "Zimmermann, Christian"]
[Black "Grigorian, Spartak"]
[Result "0-1"]
[Termination "normal"]
[Board "7"]
[WhiteElo "1848"]
[BlackElo "1971"]
[PlyCount "88"]
[WhiteFideId "24692069"]
[BlackFideId "24661490"]
[EventCountry "GER"]
[EventRounds "9"]
[EventType "swiss"]
[EventDate "2011.06.11"]

1. e4 e5 2. Nf3 Nc6 3. Bc4 Nf6 4. Ng5 d5 5. exd5 Nd4 6. d6 Qxd6 7. Bxf7+ Ke7 8.
Bb3 Qc6 9. O-O h6 10. Nf3 Bh3 11. Nh4 Qe4 12. Re1 Qxh4 13. gxh3 Kd7 14. c3 Nxb3
15. Qxb3 Qxh3 16. Qxb7 Bd6 17. Qg2 Qh4 18. d3 Raf8 19. Be3 Nh5 20. Nd2 Rf5 21.
Ne4 Rhf8 22. Rf1 Rf3 23. Rae1 g5 24. Nd2 g4 25. Bxh6 R3f6 26. Be3 Nf4 27. Qg3
Qh5 28. Ne4 Nh3+ 29. Kh1 Rf3 30. Qg2 Nf4 31. Bxf4 exf4 32. Rg1 g3 33. fxg3 fxg3
34. Nxd6 cxd6 35. h3 Qd5 36. Re2 Qxd3 37. Rd2 Qe4 38. Qe2 Qf5 39. Qg2 Qe4 40.
Qe2 Qc6 41. Qg2 Kc7 42. Rd4 Kd8 43. Rd2 Rh8 44. Re2 Rf2 0-1

[Event "DEM U14 2011"]
[Site "Oberhof GER"]
[Date "2011.06.18"]
[Round "9"]
[White "Müller, Constantin"]
[Black "Meyers, Mark"]
[Result "0-1"]
[Termination "normal"]
[Board "8"]
[WhiteElo "1839"]
[BlackElo "1820"]
[PlyCount "96"]
[WhiteFideId "24697630"]
[BlackFideId "12927716"]
[EventCountry "GER"]
[EventRounds "9"]
[EventType "swiss"]
[EventDate "2011.06.11"]

1. d4 Nf6 2. Nf3 g6 3. c4 Bg7 4. Nc3 d6 5. g3 O-O 6. Bg2 Nbd7 7. O-O e5 8. e4
exd4 9. Nxd4 Nc5 10. h3 h6 11. Be3 Re8 12. Qc2 Qe7 13. f3 Ne6 14. Rad1 Nh5 15.
Kh2 Nxd4 16. Bxd4 Bxd4 17. Rxd4 Qe5 18. Qf2 Nxg3 19. f4 Nxf1+ 20. Bxf1 Qg7 21.
Nd5 f6 22. Qh4 g5 23. Qh5 Be6 24. Ne3 Bf7 25. Qf3 Bg6 26. f5 Bf7 27. Nc2 Kh7
28. Na3 a6 29. Qb3 b6 30. Bg2 Qf8 31. Nc2 Qe7 32. Kh1 b5 33. Ne3 bxc4 34. Qc3
Rab8 35. Ng4 h5 36. Nh2 Rb5 37. Nf3 d5 38. Rd2 dxe4 39. Nd4 Rd5 40. Re2 Qd6 41.
Nc2 Rxf5 42. Ne3 Rb5 43. Nxc4 Qc6 44. b3 Bxc4 45. Rc2 Bd5 46. Qb2 Rc5 47. Rxc5
Qxc5 48. Qxf6 Qc1+ 0-1

[Event "DEM U14 2011"]
[Site "Oberhof GER"]
[Date "2011.06.18"]
[Round "9"]
[White "Ott, Florian"]
[Black "Kreyssig, Robert"]
[Result "0-1"]
[Termination "normal"]
[Board "9"]
[WhiteElo "1863"]
[BlackElo "1859"]
[PlyCount "112"]
[WhiteFideId "12900281"]
[BlackFideId "4662881"]
[EventCountry "GER"]
[EventRounds "9"]
[EventType "swiss"]
[EventDate "2011.06.11"]

1. d4 d5 2. c4 e6 3. Nc3 Nf6 4. Bg5 Nbd7 5. e3 c6 6. cxd5 exd5 7. Bd3 Be7 8.
Nf3 O-O 9. O-O Re8 10. Qc2 Nf8 11. Rab1 a5 12. a3 Ng6 13. b4 Bd6 14. b5 Bg4 15.
bxc6 bxc6 16. Ne2 Bxf3 17. gxf3 h6 18. Bxg6 hxg5 19. Bd3 Qc7 20. Ng3 Bxa3 21.
e4 c5 22. exd5 Nxd5 23. Qa2 Nc3 24. Qxa3 Nxb1 25. Bxb1 cxd4 26. Qd3 g6 27. Qxd4
Qe5 28. Qa4 Rab8 29. Ba2 Rb4 30. Qc6 Kg7 31. Rd1 Rh4 32. Qb7 Re7 33. Qd5 Rf4
34. Kg2 Qxd5 35. Rxd5 Ra4 36. Bb3 Rb4 37. Bd1 a4 38. Ra5 Re1 39. Rxa4 Rb2 40.
Rd4 Re5 41. Ne4 Rb7 42. h3 Ra7 43. Kg3 Rb5 44. Nd6 Rb1 45. Ba4 Rg1+ 46. Kh2 Rf1
47. Ne4 Ra5 48. Kg2 Re1 49. Nd6 Ra6 50. Ne8+ Kf8 51. Nf6 Rxf6 52. h4 gxh4 53.
Rxh4 Kg7 54. Bc2 Rc6 55. Be4 Rcc1 56. Kg3 Rg1+ 0-1

[Event "DEM U14 2011"]
[Site "Oberhof GER"]
[Date "2011.06.18"]
[Round "9"]
[White "Richter, Leonard"]
[Black "Krause, Benedict"]
[Result "0-1"]
[Termination "normal"]
[Board "10"]
[WhiteElo "1856"]
[BlackElo "1824"]
[PlyCount "62"]
[WhiteFideId "12900290"]
[BlackFideId "12917990"]
[EventCountry "GER"]
[EventRounds "9"]
[EventType "swiss"]
[EventDate "2011.06.11"]

1. e4 c5 2. d4 cxd4 3. c3 dxc3 4. Nxc3 Nc6 5. Nf3 e6 6. Bc4 a6 7. O-O Nge7 8.
Bg5 f6 9. Be3 b5 10. Bb3 Bb7 11. Nh4 Na5 12. Bc2 Nc4 13. Bc1 Rc8 14. b3 Nb6 15.
Bb2 h5 16. Rc1 Kf7 17. f4 d5 18. exd5 Nbxd5 19. Nxd5 Bxd5 20. Qd3 f5 21. Nf3
Bxf3 22. Qxf3 Qb6+ 23. Kh1 Nc6 24. Rfe1 Bb4 25. Qg3 Nd4 26. Bxd4 Qxd4 27. Red1
Rxc2 28. Qf3 Rxc1 29. Rxc1 Bd2 30. Rc7+ Kf6 31. h4 Bxf4 0-1